Statistics for Simple General Knowledge #2

Click here to take the quiz!

General Stats

  • This quiz has been taken 86 times
  • The average score is 17 of 20

Answer Stats

HintAnswer% Correct
What type of animal stereotypically rests on the shoulder of a pirate?Parrot
99%
How many cards in a deck (not including jokers)?52
93%
In what country do wild giant pandas live?China
93%
What celebrity is known as "The Bieb"?Justin Bieber
91%
You will supposedly get seven years of bad luck for breaking what object?Mirror
91%
If the score is love-15, what sport are you playing?Tennis
89%
What city are you in if you land at LAX?Los Angeles
88%
Where did Peter Pan live?Neverland
88%
Luke, who is your father?Darth Vader
88%
When signing a letter with XOXO, what does X stand for?Kiss
87%
What type of weapon is carried by Thor?Hammer
85%
What was Picasso's first name?Pablo
84%
What country is strongly associated with windmills?Netherlands
83%
What does Sally sell by the seashore?Sea Shells
81%
What well-known animal eats mostly Eucalyptus leaves?Koala
80%
What city is nicknamed "Sin City"?Las Vegas
79%
What element has the symbol Au?Gold
79%
What is the hardest natural material?Diamond
77%
What country is "the land of the rising sun"?Japan
75%
What is the only metal to be in liquid form when at room temperature?Mercury
73%

Score Distribution

Percentile by Number Answered

Percent of People with Each Score

Your Score History

You have not taken this quiz